00570nam a2200121Ia 4500008004100000100001900041245013900060245007100199260000900270300002800279440003000307650011100337171207s9999 xx 000 0 und d aBulger, Monica aWhere policy and practice collide: Comparing United States, South African and European Union approaches to protecting children online  cMonica Bulger, Patrick Burton, Brian O’Neill, Elisabeth Staksrud c2017 apages 750-764, May 2017 aNew Media & Societyv19:5 aBULLYING, CHILD PORNOGRAPHY, INTERNET, EUROPE, LEGISLATION, LEGITIMACY, SOUTH AFRICA, UNITED STATES, YOUTH